ille, illa, illud - Statistiken

Allgemein
  • Dieses Quiz wurde 32 mal gespielt
  • Das Durchschnittsergebnis liegt bei 27 aus 30
Antwortstatistiken
Hint Antwort % Korrekt
Nom. Sg. f illa
100%
Nom. ille
100%
Nom. Sg. n illud
100%
Dat. illi
95%
Dat. Sg. f illi
95%
Dat. Sg. n illi
95%
Gen. illius
95%
Gen. Sg. f illius
95%
Gen. Sg. n illius
95%
Abl. Sg. f illa
89%
Nom. Pl. n illa
89%
Nom. Pl. f illae
89%
Akk. Sg. f illam
89%
Nom. Pl. m illi
89%
Abl. illo
89%
Abl. Sg. n illo
89%
Akk. Sg. n illud
89%
Akk. illum
89%
Akk. Pl. n illa
84%
Gen. Pl. f illarum
84%
Akk. Pl. f illas
84%
Gen. Pl. m illorum
84%
Gen. Pl. n illorum
84%
Akk. Pl. m illos
84%
Dat. Pl. m illis
79%
Abl. Pl. m illis
79%
Dat. Pl. f illis
79%
Abl. Pl. f illis
79%
Dat. Pl. n illis
79%
Abl. Pl. n illis
79%
Keine übereinstimmenden Quizze gefunden
Verteilung der Resultate
Anzahl Personen mit jedem Resultat
Perzentil nach korrekt beantworteten Fragen
Ihre Resultats-Entwicklung
Sie haben dieses Quiz noch nicht gespielt